| 000 | 01542nab a2200241 i 4500 | ||
|---|---|---|---|
| 001 | 768714001 | ||
| 003 | CO-MdFUSB | ||
| 005 | 20240626095856.0 | ||
| 008 | 240626t1994 us ||||| |||| 00| 0 eng d | ||
| 040 |
_bspa _cCO-MdFUSB _dCO-MdFUSB |
||
| 041 | _aeng | ||
| 100 |
_aKailing, Joel B., _eautor |
||
| 245 |
_aA new solution to the african christian problem _c/ Joel B. Kailing |
||
| 520 | _aHace tiempo que se reconoce la tensión entre la cosmovisión tradicional africana y la del cristianismo misionero. En este artículo, extraído de una investigación realizada en Nigeria, esta tensión se define como el problema cristiano africano y se presentan tres variedades de cristianismo en competencia como posibles soluciones. Los dos primeros, ortodoxia y heterodoxia, son criticados por no ofrecer una solución satisfactoria al problema. Por tanto, la atención se centra en el evangelicalismo pentecostal, que ofrece un enfoque nuevo y distinto. Se analizan las principales características de este enfoque y se proporciona un ejemplo para ilustrar su impacto en el desarrollo continuo del cristianismo nigeriano. | ||
| 546 | _aTexto en inglés. | ||
| 650 | 7 |
_aCristianismo y cultura _zÁfrica _96960 |
|
| 650 | 0 |
_aCredos _9683 |
|
| 650 | 7 |
_aAntropología cultural y social _96714 |
|
| 650 | 7 |
_aMisiones _zÁfrica _91120 |
|
| 773 | 0 |
_049486 _961122 _d Pasadena _oR0892 _tMissiology: _w(CO-MdFUSB)97 _gVolumen 22, (número 4, 1994) páginas: 489 - 506 _qpágina: 489 |
|
| 942 | _cCR | ||
| 945 | _aCatherine Arias Álvarez - Practicante SENA | ||
| 999 |
_c70354 _d70354 |
||